000 00296nam a2200121Ia 4500
005 20251222144827.0
008 251222s9999||||xx |||||||||||||| ||spa||
082 _a901/B94
100 _a"Burckhardt, Jacob"
245 0 _aReflexiones sobre la historia universal
250 _a2a.ed.
942 _cLIB
999 _c20701
_d20701